Poklad na Sierra Madre /

Hlavní autor: Traven, B., 1890-1969
Další autoři: Vápeník, Rudolf, 1911-1990, Feldstein, Valter, 1911-1970
Jazyk: Čeština
Vydáno: Praha : Melantrich, 1951
Vydání: 3. vyd.
Externí odkaz: Digitalizovaný dokument
Fyzický popis: 311 s.
Knihy
Uloženo v:
LEADER 01194nam a22002892a 4500
001 000753030
003 CZ BrMZK
005 20121018210658.0
007 ta
008 041202s1951 xr er|||||||||||cze d
015 |a cnb000503280 
035 |a (OCoLC)72376056 
040 |a BOA001  |b cze 
041 1 |a cze  |h ger 
100 1 |a Traven, B.,  |d 1890-1969  |7 jn19981002244  |4 aut 
245 1 0 |a Poklad na Sierra Madre /  |c B. Traven ; z německého originálu přeložili Rudolf Vápeník a Valter Feldstein ; vysvětlivky sestavila Jitka Křesálková 
250 |a 3. vyd. 
260 |a Praha :  |b Melantrich,  |c 1951 
300 |a 311 s. 
700 1 |a Vápeník, Rudolf,  |d 1911-1990  |7 jk01141618  |4 trl 
700 1 |a Feldstein, Valter,  |d 1911-1970  |7 jk01030857  |4 trl 
765 0 |t Schatz der Sierra Madre  |9 Česky 
856 4 1 |u http://www.digitalniknihovna.cz/mzk/uuid/uuid:a3732690-4f9d-11e4-8344-005056827e52  |y Digitalizovaný dokument  |x NDK 
910 |a BOA001  |b PK-II-0033.655-51  |b D-0270.242 
990 |a BK 
996 6 |b 2619530237  |c D-0270.242  |l MZK  |r Sklad / do 24 hodin  |n 0  |w 000753030  |u 000020  |a 1  |e BOA001  |j MZK50  |s P 
996 6 |b 2619530238  |c D-0270.242  |l MZK  |r Sklad / do 24 hodin  |n 0  |w 000753030  |u 000030  |a 1  |e BOA001  |j MZK50  |s P